000 00249nam a2200109Ia 4500
008 190216s9999||||xx |||||||||||||| ||und||
100 _aScott F Gerald
245 4 _aThe Side Of Paradise
260 _bPenguin Books
650 _aEnglish
942 _cBK
999 _c12691
_d12691